5HLuxD.jpg

KING HENRY VIII SENIOR AND PRIMARY SCHOOL LIBRARY OPAC

TED IN A RED BED (Record no. 4670)

000 -LEADER
fixed length control field 00369nam a22001217a 4500
008 - FIXED-LENGTH DATA ELEMENTS--GENERAL INFORMATION
fixed length control field 250307b ||||| |||| 00| 0 eng d
020 ## - INTERNATIONAL STANDARD BOOK NUMBER
International Standard Book Number 9780746077177
082 ## - DEWEY DECIMAL CLASSIFICATION NUMBER
Classification number E FIC COX
100 ## - MAIN ENTRY--PERSONAL NAME
Personal name COX,PHIL ROXBEE
Relator term AUTHOR
245 ## - TITLE STATEMENT
Title TED IN A RED BED
Remainder of title USBORNE PHONICS READERS
260 ## - PUBLICATION, DISTRIBUTION, ETC.
Place of publication, distribution, etc. 83-85 SAFFRON HILL,LONDON EC1N 8RT,ENGLAND
Name of publisher, distributor, etc. USBORNE PUBLISHING LTD
Date of publication, distribution, etc. 2006
942 ## - ADDED ENTRY ELEMENTS (KOHA)
Source of classification or shelving scheme
Holdings
Withdrawn status Lost status Source of classification or shelving scheme Damaged status Not for loan Collection code Permanent Location Current Location Shelving location Date acquired Full call number Barcode Date last seen Price effective from Koha item type Public note
          Fiction KH8 Primary School Library KH8 Primary School Library Fiction 2025-03-07 E FIC COX KHPL000006482 2025-12-05 2025-03-07 Books - Fiction KH8 PRIMARY LIBRARY

Powered By KH8 IT Dept